| 000 | 00466nam a22001697a 4500 | ||
|---|---|---|---|
| 005 | 20251108164849.0 | ||
| 008 | 250721s1989 xx 000 0 ara d | ||
| 082 | 1 | 4 | _a641.37/نجو |
| 100 | 1 | _aرستم، نجوى | |
| 245 | 1 | 0 | _aأطباق اللبن الزبادي / |
| 264 | 1 |
_aبيروت : _bالشركة الشرقية للمطبوعات، _c1989. |
|
| 300 | _a40ص | ||
| 650 | 1 | 7 | _aاللبن |
| 650 | 1 | 7 | _aالطبخ |
| 942 |
_2ddc _cBK |
||
| 999 |
_c16165 _d16165 |
||